Statistics for Steven Universe Gems Quiz

Click here to take the quiz!

General Stats

  • This quiz has been taken 225 times
    (208 since last reset)
  • The average score is 12 of 17

Answer Stats

Gem% Correct
Garnet
99%
Pearl
99%
Amethyst
98%
Ruby
93%
Lapis
92%
Peridot
91%
Rose
91%
Sapphire
89%
Jasper
87%
Steven
86%
Opal
65%
Alexandrite
61%
Sardonyx
61%
Malachite
45%
Rainbow Quartz
38%
Stevonnie
38%
Suglite
15%

Score Distribution

Percentile by Number Answered

Percent of People with Each Score

Your Score History

You have not taken this quiz since the last reset